| 000 | 00860nam a2200217Ia 4500 | ||
|---|---|---|---|
| 003 | OSt | ||
| 005 | 20250530092613.0 | ||
| 008 | 210719s2009 xx 000 0 und d | ||
| 040 | _cAL | ||
| 041 | _akannada | ||
| 082 | _a322.42K PRAK | ||
| 100 |
_aPRAJATANTRIKA JANARA VEDIKE _dಪ್ರಜಾತಾಂತ್ರಿಕ ಜನರ ವೇದಿಕೆ _9211700 |
||
| 245 |
_aKandamalninda karavaliyavarege: sanghaparivardavara karala mukha _bಕಂದಮಾಲ್ ನಿಂದ ಕರಾವಳಿಯವರೆಗೆ : ಸಂಘಪರಿವಾರದವರ ಕರಾಳ ಮುಖ |
||
| 260 |
_aBengaluru _c2009 |
||
| 300 |
_a72 _bPB |
||
| 365 |
_b25 _cRs |
||
| 650 |
_aRelation of State _9211701 |
||
| 650 |
_aRelation of State _9211701 |
||
| 906 | _aKandamalninda ; karala ; karavaliyavarege: ; moral policing ; mukha ; sanghaparivardavara | ||
| 942 |
_2ddc _cBK |
||
| 999 |
_c215863 _d215863 |
||